000 00708nam a22002057a 4500
999 _c5384
_d5384
003 AR-CdUCM
008 190312b ||||| |||| 00| 0 spa d
040 _aMUNICIPALIDAD PROVINCIAL DEL CUSCO
_cBIBLIOTECA MUNICIPAL DEL CUSCO
082 _a320.94 /
_bG73
100 _aGorbachov, Mijaíl
_916233
245 _aPerestroika, causa de todos los puebols del país /
260 _aMoscú :
_bAgencia de Presa Nóvosti ,
_c1989.
300 _a31 páginas ;
_c19.5 cm.
505 _aContenido : Discurso en el encuentro con los trabajadores en la ciudad de Kíev...
650 _aPerestroika
_916234
650 _aRusia
_9499
650 _aProletariado Organizado
_916235
942 _2ddc
_cLIBROS
945 _artm